| 000 | 01234nam a22002657a 4500 | ||
|---|---|---|---|
| 001 | 9791 | ||
| 003 | FISKH | ||
| 005 | 20260302162957.0 | ||
| 008 | 260224b cb ||||| |||| 00| 0 eng d | ||
| 020 | _a014121981032 | ||
| 040 |
_aFISKH _beng _cFISKH _dFISKH |
||
| 050 | _aPZ7 | ||
| 082 | _a813.54 | ||
| 100 |
_aNamm, Diane _eAuthor |
||
| 245 |
_aMy first book of cars and trucks : _bA Junior Elf book / _cBy Diane Namm ; illustrated by June Goldsborough |
||
| 260 |
_aNew York : _bCheckerboard Press , _c1987 |
||
| 300 |
_a24 unnumbered pages : _bcolor illustrations ; _c17 cm |
||
| 505 | _aC | ||
| 520 | _aA simple children’s picture book that introduces young readers to different kinds of cars and trucks. Through bright illustrations and basic labels, it helps toddlers and preschoolers recognize and name familiar vehicles they see in everyday life, like cars, trucks, and other road machines. The book’s focus is on early learning and vocabulary development, making it fun and easy for little ones to build confidence with words and objects related to transportation. | ||
| 521 | 8 |
_a100
_bLexile estimate |
|
| 521 | 8 |
_aC
_bRaz-Plus |
|
| 650 |
_aVehicles _vEarly readers |
||
| 942 |
_2ddc _cBK _n0 |
||
| 999 |
_c9791 _d9791 |
||